Biblioteca y Centro de Documentación

Medios de comunicación, consumo informativo y actitudes políticas en España (Registro nro. 11783)

Detalles MARC
000 -CABECERA
Longitud fija campo de control 01458nam a2200433 c 4500
001 - NÚMERO DE CONTROL
Número de control 11783
003 - IDENTIFICADOR DE NÚMERO DE CONTROL
Identificador del número de control ES-MaCES
005 - FECHA Y HORA DE LA ÚLTIMA TRANSACCIÓN
Fecha y hora de la última transacción 20141221122143.0
008 - CAMPO FIJO DE DESCRIPCIÓN FIJA--INFORMACIÓN GENERAL
Códigos de información de longitud fija   010307s2000 sp d t o000 | spa d
017 ## - NÚMERO DE REGISTRO DE DERECHOS DE AUTOR Y DEPÓSITO LEGAL
Número de copyright o de depósito legal M 41919-2000
Agencia que asigna el número DL
020 ## - ISBN (INTERNATIONAL STANDARD BOOK NUMBER)
Número Internacional Normalizado para Libros (ISBN) 8474763053
024 7# - OTROS IDENTIFICADORES
Número normalizado o código 004-00-019-0
Fuente del número o código nipo
035 ## - NÚMERO DE CONTROL DEL SISTEMA
Número de control del sistema CES20010002675m
040 ## - FUENTE DE CATALOGACIÓN
Centro catalogador de origen ES-MaCES
Lengua de catalogación spa
Centro transcriptor ES-MaCES
100 1# - ENCABEZAMIENTO PRINCIPAL--NOMBRE PERSONAL
Nombre de persona Jerez, Ariel
9 (RLIN) 15377
245 10 - MENCIÓN DE TÍTULO
Título Medios de comunicación, consumo informativo y actitudes políticas en España
Mención de responsabilidad, etc. Ariel Jerez, Víctor Sampedro, Alejandro Baer
250 ## - MENCIÓN DE EDICIÓN
Mención de edición 1ª ed
260 ## - PUBLICACIÓN, DISTRIBUCIÓN, ETC (PIE DE IMPRENTA)
Lugar de publicación, distribución, etc. Madrid
Nombre del editor, distribuidor, etc. Centro de Investigaciones Sociológicas
Fecha de publicación, distribución, etc. 2000
300 ## - DESCRIPCIÓN FÍSICA
Extensión 137 p.
Dimensiones 30 cm
490 1# - MENCIÓN DE SERIE
Mención de serie Opiniones y actitudes
Designación de volumen o secuencia 32
504 ## - NOTA DE BIBLIOGRAFÍA, ETC.
Nota de bibliografía, etc. Bibliografía: p. 123-133
541 ## - NOTA DE LA FUENTE INMEDIANTE DE ADQUISICIÓN
Forma de adquisición Gratuito
650 #4 - ASIENTO SECUNDARIO DE MATERIA--TÉRMINO DE MATERIA
Término de materia o nombre geográfico como elemento inicial medios de comunicación de masas
9 (RLIN) 27878
650 #4 - ASIENTO SECUNDARIO DE MATERIA--TÉRMINO DE MATERIA
Término de materia o nombre geográfico como elemento inicial usuario de información
9 (RLIN) 29435
650 #4 - ASIENTO SECUNDARIO DE MATERIA--TÉRMINO DE MATERIA
Término de materia o nombre geográfico como elemento inicial política
9 (RLIN) 27246
650 #4 - ASIENTO SECUNDARIO DE MATERIA--TÉRMINO DE MATERIA
Término de materia o nombre geográfico como elemento inicial comportamiento político
9 (RLIN) 27237
650 #4 - ASIENTO SECUNDARIO DE MATERIA--TÉRMINO DE MATERIA
Término de materia o nombre geográfico como elemento inicial opinión pública
9 (RLIN) 27247
650 #4 - ASIENTO SECUNDARIO DE MATERIA--TÉRMINO DE MATERIA
Término de materia o nombre geográfico como elemento inicial actitud
9 (RLIN) 26696
650 #4 - ASIENTO SECUNDARIO DE MATERIA--TÉRMINO DE MATERIA
Término de materia o nombre geográfico como elemento inicial España
9 (RLIN) 26964
650 #4 - ASIENTO SECUNDARIO DE MATERIA--TÉRMINO DE MATERIA
Término de materia o nombre geográfico como elemento inicial investigación sociológica
9 (RLIN) 27260
653 10 - TÉRMINO DE INDEXACIÓN--NO CONTROLADO
Término no controlado Transporte-Comunicaciones
700 1# - ENCABEZAMIENTO SECUNDARIO--NOMBRE PERSONAL
Nombre de persona Sampedro Blanco, Víctor
9 (RLIN) 23149
700 1# - ENCABEZAMIENTO SECUNDARIO--NOMBRE PERSONAL
Nombre de persona Baer, Alejandro
9 (RLIN) 6875
710 2# - ENCABEZAMIENTO SECUNDARIO--NOMBRE CORPORATIVO
Nombre de entidad o nombre de jurisdicción como elemento inicial Centro de Investigaciones Sociológicas (Madrid)
Término indicativo de función ed.
9 (RLIN) 1893
830 #0 - ENCABEZAMIENTO SECUNDARIO DE COLECCIÓN--TÍTULO UNIFORME
Título uniforme Opiniones y actitudes
Designación de volumen o secuencia 32
9 (RLIN) 33155
902 ## - CES. TIPO DE DOCUMENTO
Tipodoc (006$c Sirtex) LIB Libro
942 ## - ELEMENTOS KOHA
Fuente de clasificaión o esquema Clasificación propia del CES
Koha [por defecto] tipo de item Monografías
Parte de clasificación 5.2.
Existencias
Número de registro Signatura completa Tipo de item de Koha
040666 DPT-8932 Monografías
© CES, Consejo Económico y Social de España 2021